|
|
|
|
| LEADER |
00000nam0a2200000 4500 |
| 001 |
314078 |
| 005 |
20231102002636.0 |
| 010 |
|
|
|a 9785811408214
|
| 035 |
|
|
|a (RuTPU)RU\TPU\book\339489
|
| 035 |
|
|
|a RU\TPU\book\193760
|
| 090 |
|
|
|a 314078
|
| 100 |
|
|
|a 20100409d2016 m y0rusy50 ca
|
| 101 |
0 |
|
|a rus
|
| 102 |
|
|
|a RU
|
| 105 |
|
|
|a a j 001zy
|
| 200 |
1 |
|
|a Сборник заданий по теоретической механике на базе MATHCAD
|e учебное пособие
|f В. С. Доев, Ф. А. Доронин
|
| 210 |
|
|
|a Санкт-Петербург
|c Лань
|d 2016
|
| 215 |
|
|
|a 586 с.
|c ил.
|
| 225 |
1 |
|
|a Учебники для вузов. Специальная литература
|
| 320 |
|
|
|a Библиогр.: с. 582.
|
| 330 |
|
|
|a Учебное пособие содержит 10 заданий по статике, 17 заданий по кинематике и 15 заданий по динамике, аналитической механике и теории колебаний. Каждое задание имеет по 30 вариантов и пример, выполненный при помощи пакета Mathcad. При решении заданий широко используются матричные методы.Книга ориентирована на студентов, магистров, аспирантов, преподавателей и научных работников.
|
| 606 |
1 |
|
|a Механика теоретическая
|2 stltpush
|3 (RuTPU)RU\TPU\subj\59441
|9 76991
|
| 610 |
1 |
|
|a учебные пособия
|
| 610 |
1 |
|
|a задания
|
| 610 |
1 |
|
|a MathCAD
|
| 610 |
1 |
|
|a статика
|
| 610 |
1 |
|
|a системы сил
|
| 610 |
1 |
|
|a кинематика
|
| 610 |
1 |
|
|a материальная точка
|
| 610 |
1 |
|
|a твердые тела
|
| 610 |
1 |
|
|a механические системы
|
| 610 |
1 |
|
|a сложное движение
|
| 610 |
1 |
|
|a динамика
|
| 610 |
1 |
|
|a аналитическая механика
|
| 610 |
1 |
|
|a линейные колебания
|
| 675 |
|
|
|a 531(076)
|v 3
|
| 700 |
|
1 |
|a Доев
|b В. С.
|g Виталий Семенович
|
| 701 |
|
1 |
|a Доронин
|b Ф. А.
|g Феликс Александрович
|
| 801 |
|
1 |
|a RU
|b 63413507
|c 20160208
|
| 801 |
|
2 |
|a RU
|b 63413507
|c 20160405
|g RCR
|
| 900 |
|
|
|a Теоретическая механика
|
| 942 |
|
|
|c BK
|
| 959 |
|
|
|a 17/20160208
|d 3
|e 892,10
|f ЧЗТЛ:1
|f УФ:2
|